000 01235cam a22002771i 4500
003 SA-RiAUC
005 20250521085345.0
008 250427s1997 ku g 000 0 ara c
040 _aKW-ShULA
_bara
_cSA-RiAUC
_erda
050 0 0 _bA2892. 1997
082 0 4 _a257.1
090 _a257.1
_b ا ب و ن
100 1 _aأبو نعيم، أحمد بن عبد الله بن أحمد،
_d336-430 هجري
_eمؤلف.
245 1 0 _aفضيلة العادلين من الولاة ومن أنعم النظر في حال العمال والبغاة /
_cتصنيف أبي نعيم أحمد بن عبد الله الأصبهاني ؛ حققة وعلق عليه عواد حسين الخلف.
250 _aالطبعة الأولى.
264 1 _aالكويت :
_bدار ابن الأثير،
_c1997
300 _a88 صفحة ؛
_c24 سم
336 _aنص
_btxt
_2rdacontent
_3كتاب
337 _aبدون وسيط
_bn
_2rdamedia
338 _aمجلد
_bnc
_2rdacarrier
650 7 _aالنظام السياسي في الإسلام
_2aucsh
650 7 _aنظم الحكم في الإسلام
_2aucsh
700 1 _aالخلف، عواد حسين
_eمحقق.
942 _2ddc
_cBOOK
_n0
949 _aSA-JeALM
_d250427
_uosman123
_n1
999 _c8208
_d8208